Rosacruces: Martinismo y Masonería

Αποθηκεύτηκε σε:
Λεπτομέρειες βιβλιογραφικής εγγραφής
Κύριος συγγραφέας: Vega F., Sebastián (Συγγραφέας)
Μορφή: Βιβλίο
Γλώσσα:Ισπανικά
Έκδοση: Río de Janeiro Graal 1994
Θέματα:
Ετικέτες: Προσθήκη ετικέτας
Δεν υπάρχουν, Καταχωρήστε ετικέτα πρώτοι!

MARC

LEADER 00000nam a2200000 a 4500
001 UCL8164
003 CL-VaPUC
008 040611e19940000bl |||||||||||||||||spa|d
082 0 4 |a 366  |b VEG  |2 21 
100 0 |a Vega F., Sebastián  |e author  |9 486134 
245 1 0 |a Rosacruces: Martinismo y Masonería 
300 |a 168 p 
942 |c BK 
945 |d 20040611 00:00:00  |a cmena 
260 |a Río de Janeiro  |b Graal  |c 1994 
650 7 |a ROSA CRUZ  |2 CL-VaPUC  |9 486135 
650 0 |a Masonería   |9 256238 
651 7 |a CHILE  |2 CL-VaPUC  |9 486136 
583 |a last modification  |c 20171017 11:26:14  |k Rodrigo Vera 
999 |c 309606  |d 309604 
952 |0 0  |1 0  |4 0  |6 366_000000000000000_VEG_1994  |7 0  |8 A  |9 377207  |a BIBEDU  |b BIBEDU  |d 2019-11-21  |i 4026195  |o 366 VEG 1994  |p 4026195  |r 2019-11-21  |w 2019-11-21  |y BK  |k EDU